00912nas a2200253 4500001001300000003000900013005001700022007000300039008003400042040005400076041000900130072000800139100001800147100001600165100001600181100002200197245016500219650002300384650002200407650002400429650003500453773012300488856004700611BR2014002734BR-BrBNA20231205123945.0ta230509b bl.|||p| |||| 00| 00por d aBR-BrBNAbporcBiblioteca Nacional de Agricultura a(Pt) aP351 aCosta, M.C.G.1 aMazza, J.A.1 aVitti, G.C.1 aJorge, L.A. de C.1 aDistribuição radicular, estado nutricional e produção de colmos e de açúcar em soqueiras de dois cultivares de cana-de-açúcar em solos distintos aCANA DE AÇÚCAR aSISTEMA RADICULAR aFERTILIDADE DO SOLO aPROPRIEDADE FÍSICO-QUÍMICA0 tRevista Brasileira de Ciência do Solo (Brazil)xISSN 0100-0683 g(Nov-Dec 2007), v. 31(6) p. 1503-1514wBR201400273440uhttp://www.scielo.br/pdf/rbcs/v31n6/27.pdf